Self-Controlled camera stand (Record no. 32788)
[ view plain ]
| 000 -LEADER | |
|---|---|
| fixed length control field | 00443nam a2200133Ia 4500 |
| 008 - FIXED-LENGTH DATA ELEMENTS--GENERAL INFORMATION | |
| fixed length control field | 260210s9999 xx 000 0 und d |
| 024 ## - OTHER STANDARD IDENTIFIER | |
| Standard number or code | 17B-031-CE,17B-038-CE & 17B-049-CE |
| 082 ## - DEWEY DECIMAL CLASSIFICATION NUMBER | |
| Classification number | 004.49072 TAN |
| 100 ## - MAIN ENTRY--PERSONAL NAME | |
| Personal name | Tanzeel ur Rehman,Kazim Raza Talpur & Asadullah Ghazi |
| 245 #0 - TITLE STATEMENT | |
| Title | Self-Controlled camera stand |
| 260 ## - PUBLICATION, DISTRIBUTION, ETC. | |
| Place of publication, distribution, etc. | Karachi: |
| Name of publisher, distributor, etc. | UITU, |
| Date of publication, distribution, etc. | 2017 |
| 600 ## - SUBJECT ADDED ENTRY--PERSONAL NAME | |
| Personal name | Computer System Engineering |
| 650 ## - SUBJECT ADDED ENTRY--TOPICAL TERM | |
| Topical term or geographic name entry element | Bachelor of Engineering (BE) |
No items available.

